Departamento de Chiquimula

Cálculo de población para el departamento de Chiquimula, Guatemala, período 1972-1980. Estudia la población de los 11 municipios que conforman el departamento, considerando variables tales como: población por grupos de edad, población urbana y rural, cálculo de nacimientos por edad de la madre y den...

Ausführliche Beschreibung

Gespeichert in:
Bibliographische Detailangaben
1. Verfasser: Poitevin Paz, Rodolfo
Körperschaft: Guatemala. Ministerio de Salud Pública y Asistencia Social. Unidad de Planificación y Estadística
Format: Text
Veröffentlicht: Guatemala: MSP. Unidad de Planificación y Estadística
Schlagworte:
Tags: Tag hinzufügen
Keine Tags, Fügen Sie den ersten Tag hinzu!

MARC

LEADER 00000 a a2200000 04500
001 20066
003
040
090 |a 083106  
100 |a Poitevin Paz, Rodolfo  
110 |a Guatemala. Ministerio de Salud Pública y Asistencia Social. Unidad de Planificación y Estadística  
245 |a Departamento de Chiquimula  
260 |a Guatemala:   |b MSP. Unidad de Planificación y Estadística  
300 |a 148 p.  
520 |a Cálculo de población para el departamento de Chiquimula, Guatemala, período 1972-1980. Estudia la población de los 11 municipios que conforman el departamento, considerando variables tales como: población por grupos de edad, población urbana y rural, cálculo de nacimientos por edad de la madre y densidad de población. Analiza la edad productiva, la edad reproductiva y la edad de retiro. Incluye una descripción geográfica e histórica de cada uno de los municipios./ACM  
650 |a POBLACION  
650 |a DEMOGRAFIA  
650 |a CUADROS ESTADISTICOS  
650 |a PROYECCIONES  
999 |c 13848  |d 13848